000
00222nam a22000977a 4500
999
_c
15882
_d
15882
003
OSt
008
191023b ||||| |||| 00| 0 eng d
100
_a
Kumara,Pillai G.
_9
4373
245
_a
Marubhoomiyude kinakkal
942
_c
BK